| 000 | 00497nam a2200133Ia 4500 | ||
|---|---|---|---|
| 003 | SGT | ||
| 020 | _a9780074638747 | ||
| 245 | _aBuilding drawing with integrated approach to built enviroment | ||
| 260 |
_bTata McGraw Hill Education Private Limited _aNew Delhi _c2002 |
||
| 300 | _a404p. | ||
| 650 | _aCIVIL ENGINEERING | ||
| 653 | _aBUILT ENVIRONMENT -AN INTEGRATED APPROACH,URBAN PLANNING AND DESIGN -URBAN LANDSCAPE,ARCHITECTURE,COMPUTER TECHNOLOGY FOR ENGINEERS AND ARCHITECTS, | ||
| 942 |
_2ddc _cBK |
||
| 999 |
_c5145 _d5145 |
||